Оценка эффективности государственной поддержки малого предпринимательства (Запись № 11102333)
[ простой вид ]
| 000 -МАРКЕР | |
|---|---|
| контрольное поле | 02449nam0a2200385 4500 |
| 001 - ИДЕНТИФИКАТОР ЗАПИСИ | |
| контрольное поле | RU\NLR\BIBL_A\011942975 |
| 005 - ИДЕНТИФИКАТОР ВЕРСИИ | |
| контрольное поле | 20190410115915.0 |
| 021 ## - НОМЕР ГОСУДАРСТВЕННОЙ РЕГИСТРАЦИИ | |
| Код страны | российская федерация |
| Номер | КН-П-19-0284 |
| Номер Листа государственной регистраци | КН-П-19-003885 |
| 035 ## - ДРУГИЕ СИСТЕМНЫЕ НОМЕРА | |
| Идентификатор записи | (NLR Aleph) 011942975 |
| 035 ## - ДРУГИЕ СИСТЕМНЫЕ НОМЕРА | |
| Идентификатор записи | (RuMoRGB)009815484 |
| 100 ## - ДАННЫЕ ОБЩЕЙ ОБРАБОТКИ | |
| Данные общей обработки | 20190221d2018 k y0rusy50 ca |
| 101 0# - ЯЗЫК РЕСУРСА | |
| Язык текста, звукозаписи и т.д. | русский |
| -- | английский |
| Язык оглавления | русский |
| -- | английский |
| 102 ## - СТРАНА ПУБЛИКАЦИИ ИЛИ ПРОИЗВОДСТВА | |
| Страна публикации | российская федерация |
| 105 ## - ПОЛЕ КОДИРОВАННЫХ ДАННЫХ: ТЕКСТОВЫЕ МАТЕРИАЛЫ, МОНОГРАФИЧЕСКИЕ | |
| Кодированные данные о монографическом текстовом документе | a|||dm||000zy |
| 200 1# - ЗАГЛАВИЕ И СВЕДЕНИЯ ОБ ОТВЕТСТВЕННОСТИ | |
| Основное заглавие | Оценка эффективности государственной поддержки малого предпринимательства |
| Параллельное заглавие | Efficiency assessment of state support for small business |
| Сведения, относящиеся к заглавию | диссертация на соискание учёной степени кандидата экономических наук |
| -- | специальность: 08.00.05 - Экономика и управление народным хозяйством (экономика предпринимательства) |
| Первые сведения об ответственности | Быкова Наталья Витальевна |
| Последующие сведения об ответственности | научный руководитель: доктор экономических наук, профессор Кузнецов Ю.В. |
| -- | Санкт-Петербургский государственный университет |
| Язык параллельного заглавия | английский |
| 210 ## - ПУБЛИКАЦИЯ, РАСПРОСТРАНЕНИЕ И ДР. | |
| Место издания, распространения и т.д. | Санкт-Петербург |
| Дата издания, распространения и т.д. | 2018 |
| 215 ## - ФИЗИЧЕСКАЯ ХАРАКТЕРИСТИКА | |
| Специфическое обозначение материала и объем | 319 с. |
| Другие сведения о физической характеристике | ил., табл. |
| Размеры | 21 |
| 300 ## - ОБЩИЕ ПРИМЕЧАНИЯ | |
| Текст примечания | Авт. также на англ. яз.: Bykova Natalya Vitalyevna |
| 300 ## - ОБЩИЕ ПРИМЕЧАНИЯ | |
| Текст примечания | Текст парал. рус., англ. |
| 320 ## - ПРИМЕЧАНИЯ О НАЛИЧИИ В ДОКУМЕНТЕ БИБЛИОГРАФИИ / УКАЗАТЕЛЯ | |
| Текст примечания | Библиогр.: с. 143-152 (193 назв.) |
| 333 ## - ПРИМЕЧАНИЯ ОБ ОСОБЕННОСТЯХ РАСПРОСТРАНЕНИЯ И ИСПОЛЬЗОВАНИЯ | |
| Текст примечания | На правах рукописи |
| 510 1# - ПАРАЛЛЕЛЬНОЕ ЗАГЛАВИЕ | |
| Связь между полями | z33790 |
| Параллельное заглавие | Efficiency assessment of state support for small business |
| Язык заглавия | английский |
| 606 1# - НАИМЕНОВАНИЕ ТЕМЫ КАК ПРЕДМЕТ | |
| Наименование темы | Предпринимательство малое |
| Тематический подзаголовок | Государственная поддержка |
| Код системы | nlr_sh1 |
| -- | nlr_sh2 |
| Идентификатор авторитетной/нормативной записи | RU\NLR\AUTH\661266006 |
| 686 1# - ИНДЕКСЫ ДРУГИХ КЛАССИФИКАЦИЙ | |
| Индекс | У5-13 |
| 700 #1 - ИМЯ ЛИЦА - ПЕРВИЧНАЯ ОТВЕТСТВЕННОСТЬ | |
| Начальный элемент ввода | Быкова |
| Часть имени, кроме начального элемента ввода | Н. В. |
| Дополнения к именам, кроме дат | канд. экон. наук |
| Расширение инициалов личного имени | Наталья Витальевна |
| Идентификатор авторитетной/нормативной записи | RU\NLR\AUTH\770204323 |
| 702 #1 - ИМЯ ЛИЦА - ВТОРИЧНАЯ ОТВЕТСТВЕННОСТЬ | |
| Начальный элемент ввода | Кузнецов |
| Часть имени, кроме начального элемента ввода | Ю.В. |
| Дополнения к именам, кроме дат | д-р экон. наук |
| Даты | 1947- |
| Расширение инициалов личного имени | Юрий Викторович |
| Идентификатор авторитетной/нормативной записи | RU\NLR\AUTH\7726609 |
| Код отношения | Научный руководитель |
| 712 02 - НАИМЕНОВАНИЕ ОРГАНИЗАЦИИ - ВТОРИЧНАЯ ОТВЕТСТВЕННОСТЬ | |
| Начальный элемент ввода | Санкт-Петербургский государственный университет |
| Идентификатор авторитетной/нормативной записи | RU\NLR\AUTH\8810043151 |
| Код отношения | Организация, утвердившая ученую степень |
| 790 #1 - ИМЯ ЛИЦА - АЛЬТЕРНАТИВНАЯ ФОРМА | |
| Связь между полями | z33510 |
| Начальный элемент ввода | Bykova |
| Часть имени, кроме начального элемента ввода | N.V. |
| Расширение инициалов личного имени | Natal'ja Vital'evna |
| 911 ## - ДОПОЛНИТЕЛЬНАЯ КОДИРОВАННАЯ ИНФОРМАЦИЯ | |
| Код научной степени | |
| 942 ## - ДОПОЛНИТЕЛЬНЫЕ ЭЛЕМЕНТЫ ЗАПИСИ (АБИС) | |
| Тип экземпляра АБИС | Диссертация |
| 980 ## - КОЛЛЕКЦИЯ | |
| Название коллекции | НБР |
| 980 ## - КОЛЛЕКЦИЯ | |
| Название коллекции | Национальная библиография |
Нет доступных экземпляров.